Central Library OPAC University of Rajshahi

The science of living things : botany ; Zoology ; anatomy ; Physiology / (Record no. 75036)

MARC details
000 -LEADER
fixed length control field 00700nam a22002293 4500
001 - CONTROL NUMBER
control field 75036
003 - CONTROL NUMBER IDENTIFIER
rucl marc code BD-RjUL
005 - DATE AND TIME OF LATEST TRANSACTION
control field 20211209082633.0
008 - FIXED-LENGTH DATA ELEMENTS--GENERAL INFORMATION
fixed length control field 980204s1936 xx 000 0 und d
035 ## - SYSTEM CONTROL NUMBER
System control number BD-RjUL)75254
040 ## - CATALOGING SOURCE
Original cataloging agency EQO
Transcribing agency EQO
Language of cataloging eng
041 ## - LANGUAGE CODE
Language code of text/sound track or separate title eng
082 ## - DEWEY DECIMAL CLASSIFICATION NUMBER
Edition number 23
Classification number 570.72
Author mark and year SCI 1935
245 14 - TITLE STATEMENT
Title The science of living things : botany ; Zoology ; anatomy ; Physiology /
Statement of responsibility, etc. edited by A.H.G. Alston
260 ## - PUBLICATION, DISTRIBUTION, ETC. (IMPRINT)
Place of publication, distribution, etc. London:
Date of publication, distribution, etc. 1935.
Name of publisher, distributor, etc. Odhams press,
300 ## - PHYSICAL DESCRIPTION
Pagination 512 P. :
Illustrations ill. ;
Size 19
500 ## - GENERAL NOTE
General note Includes Index
650 ## - SUBJECT ADDED ENTRY--TOPICAL TERM
Topical term or geographic name as entry element Biology
Form subdivision Study and teaching.
9 (RLIN) 226886
700 ## - ADDED ENTRY--PERSONAL NAME
Personal name Alston, A.H.G.
942 ## - ADDED ENTRY ELEMENTS (KOHA)
Source of classification or shelving scheme Dewey Decimal Classification
Koha item type Books
Holdings
Lost status Source of classification or shelving scheme Damaged status Not for loan Collection code Permanent Location Current Location Shelving location Date acquired Source of acquisition Total Checkouts Full call number Date last seen Copy number Koha item type
  Dewey Decimal Classification   Not For Loan Non-fiction Central Library, University of Rajshahi Central Library, University of Rajshahi Reading Room 21/03/1974 british national book centre   570.72 SCI 1935 12/01/2019 C-1 Books